[Event "Challenge"]
[Site "http://www.queenalice.com/game.php?id=129149"]
[Date "2006.11.13"]
[Round "-"]
[White "Rika"]
[Black "turkerdilber"]
[Result "0-1"]
[WhiteElo "1470"]
[BlackElo "1795"]

1. e4 c5 2. Bc4 e6 3. Qf3 a6 4. d3 Nc6 5. Be3 Nf6 6. Nc3 b6 7. Nge2 Bb7 8. O-O-O
Qc7 9. Bf4 e5 10. Bg3 Nd4 11. Nxd4 cxd4 12. Nd5 Nxd5 13. Bxd5 Bxd5 14. exd5 Rc8
15. Rhe1 Qxc2# 0-1

[Event "Pra passar o tempo ..."]
[Site "http://www.queenalice.com/game.php?id=130239"]
[Date "2006.11.16"]
[Round "-"]
[White "juleba"]
[Black "Rika"]
[Result "1-0"]
[WhiteElo "1561"]
[BlackElo "1572"]

1. Nf3 d6 2. e4 e5 3. Nc3 Bg4 4. Be2 Nc6 5. O-O Bxf3 6. Bxf3 Nf6 7. d3 Nd4 8.
Bg4 Nxc2 9. Bg5 Nxa1 10. Qa4+ c6 11. Rxa1 Be7 12. Rd1 Nxg4 13. h3 Bxg5 14. hxg4
O-O 15. d4 Bf4 16. g3 b5 17. Qb3 Bg5 18. dxe5 Be7 19. e6 Qe8 20. f4 fxe6 21. f5
Rb8 22. g5 Bxg5 23. Rxd6 Be3+ 24. Kg2 Kh8 25. Rxe6 Qd8 26. Kf3 Bd4 27. Ne2 a6
28. g4 Qh4 29. Nxd4 Qh1+ 30. Kf4 c5 31. Nf3 g6 32. Qc3+ Kg8 33. Re7 Qh6+ 34. g5
b4 35. gxh6 bxc3 36. Rg7+ Kh8 37. Ng5 1-0

[Event "Challenge"]
[Site "http://www.queenalice.com/game.php?id=133627"]
[Date "2006.11.25"]
[Round "-"]
[White "Agner"]
[Black "Rika"]
[Result "1-0"]
[WhiteElo "1667"]
[BlackElo "1581"]

1. e4 e5 2. Nf3 d6 3. Bc4 Be6 4. Qe2 Nf6 5. Bxe6 fxe6 6. Qb5+ Nbd7 7. Qxb7 Nc5
8. Qb5+ Nfd7 9. Nc3 Rb8 10. Qe2 Nf6 11. d4 exd4 12. Nxd4 Qe7 13. Nc6 Qf7 14.
Nxb8 Qg6 15. f3 Nh5 16. g4 Nf4 17. Bxf4 Be7 18. O-O-O O-O 19. Bxd6 Bxd6 20. Nc6
Qg5+ 21. Kb1 a6 22. b4 Be5 23. h4 Qf6 24. g5 Qxf3 25. Qxf3 Rxf3 26. Nxe5 Rxc3
27. Rd8# 1-0

[Event "AUTO-INT-264"]
[Site "http://www.queenalice.com/game.php?id=136625"]
[Date "2006.12.3"]
[Round "1"]
[White "marcosbratz"]
[Black "Rika"]
[Result "1/2-1/2"]
[WhiteElo "1529"]
[BlackElo "1552"]

1. e4 e5 2. Nf3 Nc6 3. Bb5 Bc5 4. O-O d6 5. Bxc6+ bxc6 6. c3 Qf6 7. d4 Qg6 8.
dxc5 Bh3 9. Nh4 Qxe4 10. f3 Qxh4 11. gxh3 Qxh3 12. cxd6 cxd6 13. Qxd6 Ne7 14.
Qxe5 Qe6 15. Qxg7 O-O-O 16. Bg5 Nf5 17. Qf6 Ne3 18. Qxe6+ fxe6 19. Re1 Nc2 20.
Bxd8 Nxe1 21. Bf6 Nxf3+ 22. Kg2 Ne1+ 23. Kf1 Rf8 24. Kxe1 Rxf6 25. Nd2 e5 26.
Ne4 Rf4 27. Nd6+ Kc7 28. Ne8+ Kd8 29. Ng7 Rh4 30. Rd1+ Kc7 31. Ne6+ Kb6 32. Rd7
Rxh2 33. b4 Rxa2 34. Rd6 Kb5 35. Nd8 a5 36. Rxc6 axb4 37. c4+ Ka4 38. Nb7 h5 39.
Rc5 Kb3 40. Nd6 h4 41. Rxe5 h3 42. Re3+ Kb2 43. Rxh3 Ra3 44. Rh2+ Kc3 45. Nb5+
Kd3 46. Nxa3 bxa3 47. c5 Kc3 48. Ke2 a2 49. Rh1 Kb2 50. c6 a1=Q 51. Rxa1 Kxa1
52. c7 Kb2 53. Kd2 Kb3 54. c8=Q Kb4 55. Qc3+ Kb5 56. Kd3 Ka4 57. Qc2+ Kb4 58.
Kd4 Kb5 59. Qc4+ Ka5 60. Kc5 1/2-1/2

[Event "AUTO-INT-264"]
[Site "http://www.queenalice.com/game.php?id=136626"]
[Date "2006.12.3"]
[Round "1"]
[White "Rika"]
[Black "marcosbratz"]
[Result "0-1"]
[WhiteElo "1568"]
[BlackElo "1564"]

1. e4 e6 2. Qf3 d5 3. d4 c6 4. exd5 cxd5 5. Bb5+ Bd7 6. Qe2 Qa5+ 7. Nc3 a6 8.
Bxd7+ Nxd7 9. Bd2 Qb4 10. b3 Qxd4 11. Nf3 Qa7 12. Be3 Qb8 13. O-O Ba3 14. Nh4
Bb2 15. Qg4 Bxc3 16. Rab1 Ngf6 17. Qxg7 Ke7 18. Rbd1 Qg8 19. Bh6 Qxg7 20. Bxg7
Rhg8 21. Bxf6+ Bxf6 22. Nf3 Ne5 23. Nxe5 Bxe5 24. Rfe1 f6 25. c4 Rad8 26. g3 Rg6
27. h4 Rg4 28. Rd3 dxc4 29. Rxd8 Kxd8 30. bxc4 Rxc4 31. g4 Ke7 32. g5 Rxh4 33.
gxf6+ Kxf6 34. f3 Bd4+ 35. Kg2 e5 36. Kg3 Rf4 37. Re4 Rxe4 38. fxe4 Kg5 39. a3
h5 40. a4 a5 41. Kf3 h4 42. Kg2 Kg4 43. Kf1 Kg3 44. Ke1 h3 45. Ke2 h2 46. Kd3
h1=Q 47. Kc4 Qxe4 48. Kb3 Qd5+ 49. Kc2 Kf3 50. Kd3 b5 51. axb5 Qxb5+ 52. Kd2
Qe2+ 53. Kc1 Qb2+ 54. Kd1 Qe2+ 55. Kc1 Ke3 56. Kb1 Qb2# 0-1

[Event "AUTO-INT-264"]
[Site "http://www.queenalice.com/game.php?id=136639"]
[Date "2006.12.3"]
[Round "1"]
[White "piru1001"]
[Black "Rika"]
[Result "0-1"]
[WhiteElo "1200"]
[BlackElo "1569"]

1. e4 e6 2. Bc4 Qf6 3. f3 Qh4+ 4. g3 Qf6 5. Nc3 Bb4 6. Nb5 Qd8 7. Ne2 a6 8. Nbd4
c5 9. Nb3 Ne7 10. c3 Ba5 11. Nxa5 Qxa5 12. Nf4 e5 13. Nd3 d6 14. b4 cxb4 15.
cxb4 Qc7 16. Ba3 Qxc4 17. Rc1 Qxd3 18. Bb2 Nbc6 19. Rc3 Qb5 20. Qc2 Nd4 21. Qd1
Qxb4 22. Rb3 Qc4 23. d3 Qa4 24. h4 Nxb3 25. axb3 Qa5+ 26. Ke2 Be6 27. Qc2 O-O
0-1

[Event "AUTO-INT-264"]
[Site "http://www.queenalice.com/game.php?id=136640"]
[Date "2006.12.3"]
[Round "1"]
[White "Rika"]
[Black "piru1001"]
[Result "1-0"]
[WhiteElo "1556"]
[BlackElo "1545"]

1. e4 e5 2. Qf3 Nf6 3. d3 d5 4. exd5 Nxd5 5. d4 exd4 6. Bc4 c6 7. Ne2 Bc5 8. O-O
Be6 9. b3 Qh4 10. Bxd5 Bxd5 11. Qf5 Bd6 12. Qc8+ Ke7 13. Qh3 Qe4 14. Ng3 Bxg3
15. hxg3 g5 16. Bxg5+ f6 17. Nd2 Qe2 18. Qh6 Rg8 19. Qxf6+ Kd7 20. Rae1 Qh5 21.
Re7+ Kc8 22. Qd6 Na6 23. Qd7+ Kb8 24. Qxb7# 1-0

[Event "AUTO-INT-264"]
[Site "http://www.queenalice.com/game.php?id=136647"]
[Date "2006.12.3"]
[Round "1"]
[White "jdieguezgrm"]
[Black "Rika"]
[Result "1-0"]
[WhiteElo "1616"]
[BlackElo "1551"]

1. e4 e5 2. Nf3 Nc6 3. Bb5 a6 4. Bxc6 dxc6 5. Nc3 Qf6 6. d3 Bb4 7. Bd2 Bg4 8. a3
Bxf3 9. Qxf3 Bxc3 10. Bxc3 O-O-O 11. Qxf6 gxf6 12. O-O-O Ne7 13. f3 Rhg8 14. g3
c5 15. Bd2 f5 16. Rhf1 b5 17. c3 fxe4 18. dxe4 f5 19. Be3 fxe4 20. Rxd8+ Rxd8
21. Bxc5 exf3 22. Bxe7 Rd3 23. Bc5 e4 24. Re1 Rd5 25. b4 Rd3 26. Kc2 e3 27. Bxe3
Rxe3 28. Rxe3 f2 29. Rf3 f1=Q 30. Rxf1 Kd7 31. Rf7+ Kd8 32. Rxh7 Ke8 33. Rxc7
Kd8 34. Ra7 a5 35. h4 axb4 36. cxb4 Kc8 37. h5 Kb8 38. Rg7 Kc8 39. h6 1-0

[Event "AUTO-INT-264"]
[Site "http://www.queenalice.com/game.php?id=136648"]
[Date "2006.12.3"]
[Round "1"]
[White "Rika"]
[Black "jdieguezgrm"]
[Result "0-1"]
[WhiteElo "1565"]
[BlackElo "1669"]

1. e4 e5 2. Qf3 Bc5 3. Bc4 Qf6 4. d3 Nc6 5. Nh3 Qxf3 6. gxf3 Nd4 7. Bb3 Nxf3+ 8.
Ke2 Nd4+ 9. Ke1 d6 10. Be3 Bxh3 11. Nd2 Nxb3 12. Nxb3 Bxe3 13. fxe3 Be6 14. Rg1
Bxb3 15. cxb3 g6 16. a4 h5 17. d4 Nf6 18. dxe5 dxe5 19. Rc1 c6 20. Rc4 O-O 21.
Rg5 Ng4 22. h3 Nxe3 23. Rc1 Rfe8 24. b4 a6 25. Rc5 Rad8 26. Rcxe5 Nc2+ 27. Ke2
Nxb4 28. Rxe8+ Rxe8 29. Ke3 Kg7 30. h4 f6 31. Rg1 f5 32. Rg2 Rxe4+ 33. Kf3 Rxh4
34. Kf2 Nd3+ 35. Kg3 Rxa4 36. b3 Ra3 37. b4 Nxb4+ 38. Kh4 Kh6 39. Rg5 Nd5 40.
Rg3 Rxg3 41. Kxg3 a5 42. Kf3 a4 43. Ke2 a3 44. Kd1 a2 45. Kc1 a1=Q+ 46. Kc2 Qc3+
47. Kd1 Nf6 48. Ke2 Ne4 49. Kd1 Qd2# 0-1

[Event "AUTO-INT-270"]
[Site "http://www.queenalice.com/game.php?id=138720"]
[Date "2006.12.8"]
[Round "1"]
[White "eldalai"]
[Black "Rika"]
[Result "0-1"]
[WhiteElo "1263"]
[BlackElo "1571"]

1. e4 e6 2. d4 Qf6 3. f3 Nc6 4. c3 d5 5. Nd2 dxe4 6. fxe4 e5 7. Nb3 Be7 8. Nf3
Bg4 9. Be2 O-O-O 10. h3 exd4 11. cxd4 Bb4+ 12. Bd2 Bxf3 0-1

[Event "AUTO-INT-270"]
[Site "http://www.queenalice.com/game.php?id=138721"]
[Date "2006.12.8"]
[Round "1"]
[White "Rika"]
[Black "eldalai"]
[Result "1-0"]
[WhiteElo "1575"]
[BlackElo "1259"]

1. e4 e5 2. Qf3 Nf6 3. d3 g6 4. Bg5 Be7 5. Nc3 Nh5 6. Bxe7 Qxe7 7. Nge2 O-O 8.
Nd5 Qc5 9. c3 Na6 10. d4 Qd6 11. Ng3 Nxg3 12. hxg3 1-0

[Event "AUTO-INT-270"]
[Site "http://www.queenalice.com/game.php?id=138728"]
[Date "2006.12.8"]
[Round "1"]
[White "Rika"]
[Black "karamazowii"]
[Result "1-0"]
[WhiteElo "1551"]
[BlackElo "1506"]

1. e4 Nf6 2. d3 e5 3. Bg5 h6 4. Bxf6 Qxf6 5. Nf3 Bd6 6. Nc3 c6 7. Be2 O-O 8. Qd2
Qf4 9. O-O-O Qxd2+ 10. Rxd2 f6 11. Rhd1 Na6 12. d4 exd4 13. Rxd4 Bb4 14. e5 fxe5
15. Nxe5 Nc5 16. Bc4+ Ne6 17. Bxe6+ dxe6 18. Ng6 Rxf2 19. Rxb4 Rxg2 20. Rd8+ Kf7
21. Nh8+ Ke7 22. Rbd4 Rxh2 23. Ng6+ Kf6 24. Nh4 c5 25. Rc4 Ke7 26. Rd2 Rh1+ 27.
Nd1 g5 28. Ng6+ Kf6 29. Nf8 b6 30. Rf2+ Ke5 31. Ng6+ Kd5 32. b3 b5 33. Rc3 b4
34. Rd3+ Kc6 35. Ne5+ Kb5 36. c4+ bxc3 37. Rxc3 Bb7 38. Kc2 Be4+ 39. Nd3 Rd8 40.
Rxc5+ Kb6 41. Nb2 g4 42. Re2 Bf5 43. a4 a5 44. Kc3 h5 45. Nc4+ Ka7 46. Nf4 Rc1+
47. Kb2 Rb1+ 48. Ka2 h4 49. Nxe6 Rdd1 50. Rxa5+ Kb8 51. Nc5 Ra1+ 52. Kb2 Rdb1+
53. Kc3 Kc7 54. Na6+ Kd7 55. Rxf5 g3 56. Rf7+ Kc6 57. Nb4+ Kc5 58. Re5# 1-0

[Event "AUTO-INT-270"]
[Site "http://www.queenalice.com/game.php?id=138729"]
[Date "2006.12.8"]
[Round "1"]
[White "karamazowii"]
[Black "Rika"]
[Result "0-1"]
[WhiteElo "1507"]
[BlackElo "1554"]

1. e4 e6 2. d4 Qf6 3. Qf3 Qxf3 4. Nxf3 d5 5. Bb5+ c6 6. Bd3 Nf6 7. exd5 cxd5 8.
O-O Bd6 9. h3 O-O 10. Nbd2 Nc6 11. a3 Bd7 12. c3 Rae8 13. g4 e5 14. dxe5 Nxe5
15. Nxe5 Bxe5 16. Nf3 a6 17. Nxe5 Bb5 18. Bxb5 axb5 19. b4 Rxe5 20. f4 Re4 21.
g5 Nh5 22. Kg2 f6 23. Kf3 fxg5 24. Kg4 g6 25. Bd2 gxf4 26. Rf3 Nf6+ 27. Kg5 Nh5
28. Raf1 Rf5+ 29. Kg4 Nf6+ 30. Kh4 Rh5# 0-1

[Event "Challenge"]
[Site "http://www.queenalice.com/game.php?id=140031"]
[Date "2006.12.12"]
[Round "-"]
[White "eldalai"]
[Black "Rika"]
[Result "0-1"]
[WhiteElo "1256"]
[BlackElo "1578"]

1. e4 e6 2. Nc3 Qf6 3. d4 Bb4 4. Bd2 Nc6 5. Be3 d5 6. f3 Bxc3+ 7. bxc3 Bd7 8.
Rb1 Na5 9. c4 dxc4 10. c3 O-O-O 11. Rb4 e5 12. Bxc4 Nxc4 0-1

[Event "Challenge"]
[Site "http://www.queenalice.com/game.php?id=180098"]
[Date "2007.3.11"]
[Round "-"]
[White "Rika"]
[Black "Rusty"]
[Result "0-1"]
[WhiteElo "1568"]
[BlackElo "1909"]

1. e4 e5 2. Qf3 Nc6 3. Bc4 Qf6 4. Nc3 Nd4 5. Qd3 c6 6. Nge2 b5 7. Bb3 a5 8. Nxd4
exd4 9. Ne2 a4 10. Bxf7+ Qxf7 11. Qxd4 Nf6 12. Qe5+ Qe7 13. Qxe7+ Bxe7 14. d3
O-O 15. Be3 Ng4 16. O-O Nxe3 17. fxe3 d6 18. c4 bxc4 19. dxc4 Be6 20. Rac1 Rxf1+
21. Kxf1 Rb8 22. Rc2 Rb4 23. b3 axb3 24. axb3 Rxb3 25. Kf2 c5 26. Nf4 Bf7 27.
Ra2 Bxc4 28. Ra8+ Kf7 29. g4 Rb7 30. Rh8 h6 31. Rh7 Kg8 32. Nd5 Bxd5 33. exd5
Kxh7 34. e4 c4 0-1

[Event "Challenge"]
[Site "http://www.queenalice.com/game.php?id=191219"]
[Date "2007.4.3"]
[Round "-"]
[White "Rika"]
[Black "fernandosoares"]
[Result "1-0"]
[WhiteElo "1568"]
[BlackElo "1167"]

1. e4 e6 2. d4 f5 3. exf5 exf5 4. Bd2 Qh4 5. Nf3 Qf4 6. Bxf4 Nf6 7. Ne5 d6 8.
Qe2 Nd5 9. Nc6+ Be7 10. Nc3 bxc6 11. Nxd5 cxd5 12. Bg5 O-O 13. Qxe7 h6 14. Bh4
g5 15. Bxg5 Nd7 16. Bxh6 Rd8 17. Qg7# 1-0

[Event "AUTO-INT-270"]
[Site "http://www.queenalice.com/game.php?id=250988"]
[Date "2007.8.4"]
[Round "2"]
[White "diego2907"]
[Black "Rika"]
[Result "1-0"]
[WhiteElo "1642"]
[BlackElo "1579"]

1. e4 e5 2. Bc4 Nf6 3. Nf3 Nc6 4. Ng5 Qe7 5. Bxf7+ Kd8 6. Bc4 Ke8 7. d3 h6 8.
Nf3 d6 9. h3 Be6 10. Bb5 d5 11. Bxc6+ bxc6 12. Nxe5 Qd6 13. Bf4 Qc5 14. Ng6 Rg8
15. Bxc7 dxe4 16. O-O Qd4 17. Be5 Qd8 18. Nc3 Bd6 19. dxe4 Bxe5 20. Nxe5 Qc7 21.
Nf3 Rd8 22. Qe2 Nh5 23. e5 Nf4 24. Qe4 g5 25. Nd4 Rg6 26. Nxc6 Rd2 27. Nd4 Bd5
28. Nxd5 Qc4 29. Nf6+ Ke7 30. Qb7+ Kf8 31. Qb8+ Kf7 32. Qe8+ Kg7 33. Nf5# 1-0

[Event "AUTO-INT-270"]
[Site "http://www.queenalice.com/game.php?id=250989"]
[Date "2007.8.4"]
[Round "2"]
[White "Rika"]
[Black "diego2907"]
[Result "0-1"]
[WhiteElo "1594"]
[BlackElo "1613"]

1. e4 e5 2. Qf3 d6 3. Bc4 Nf6 4. g4 Bxg4 5. Qb3 Qe7 6. Qxb7 Qd8 7. Qxa8 c6 8.
Qxa7 Be7 9. h3 Bh5 10. d3 O-O 11. Bd2 Re8 12. Qa3 d5 13. Ba5 Bxa3 14. Bxd8 Bxb2
15. Bxf6 gxf6 16. exd5 Bxa1 17. dxc6 Nxc6 18. Bb5 Rc8 19. Ne2 Nd4 20. Rg1+ Kf8
21. Nxd4 Bxd4 22. Bd7 Rxc2 23. Kf1 Rxf2+ 24. Ke1 Re2+ 25. Kf1 Bxg1 26. Kxg1 Re1+
27. Kf2 Rxb1 28. a4 Ra1 29. Ke3 f5 30. d4 exd4+ 31. Kxd4 f4 0-1